000 00880cam a2200157 4500500
005 20260111090200.0
041 _afre
042 _adc
100 1 0 _aMambrino, Jean
_eauthor
245 0 0 _aCinéma
260 _c2001.
500 _a17
520 _aRésumé« Quand je dis que je ne suis rien d’autre que mes livres, on pense qu’il s’agit d’une formule. Pourtant il est exact que, hors des mots, je ne suis rien », écrit Michel del Castillo dans L’Adieu au siècle. Il est ce qu’il écrit, et ses livres sont ses pièces d’identité. Ecriture déchirée, déchirante, âpre. Michel del Castillo écrit pour comprendre, pour que les mots apportent cette cohérence que la vie a refusée.
786 0 _nÉtudes | 394 | 1 | 2001-01-01 | p. 106-112 | 0014-1941
856 4 1 _uhttps://shs.cairn.info/revue-etudes-2001-1-page-106?lang=fr&redirect-ssocas=7080
999 _c1618552
_d1618552